Top 16 Countries by HDI in 2024 - Statistics

General Stats
  • This quiz has been taken 53 times
  • The average score is 14 of 15
Answers on the Map
Answers color-coded by a green-red scale on the quiz's map according to % correct below.
 
Answer Stats
Answer % Correct
Canada
100%
Denmark
100%
Finland
100%
Ireland
100%
Norway
100%
Sweden
100%
Australia
96%
Germany
96%
New Zealand
96%
Switzerland
96%
Iceland
93%
Netherlands
93%
Belgium
91%
Singapore
84%
Liechtenstein
64%
No matching quizzes found
Score Distribution
Percent of People with Each Score
Percentile by Number Answered
Your Score History
You have not taken this quiz